| 000 | 00611nam a22002177a 4500 | ||
|---|---|---|---|
| 003 | DO-SdBNP | ||
| 005 | 20180216141947.0 | ||
| 008 | 180216b 1988 mx a00| 0 spa d | ||
| 020 | _a9683303056 (volumen 5) | ||
| 040 |
_aBPMSU _bspa _cBPMSU |
||
| 082 | 4 |
_axxxxx _bxxxxx |
|
| 100 | 1 | _aAnzures Paz, Bruna | |
| 245 | 1 |
_aComó funciona en la industria / _cBruna Anzures Paz |
|
| 260 |
_aMéxico : _bCumbre, _c1988. |
||
| 300 |
_a79 p. : _bil., _c26 cm. |
||
| 490 | 1 | _aCómo funciona | |
| 830 | 0 | _aCómo funciona | |
| 942 |
_2ddc _cBK |
||
| 945 | _aInventariado, 2018 / BT | ||
| 956 |
_aBTAVÁREZ _b10 _d20180216 _fBPMSU _h0038 |
||
| 999 |
_c13305 _d13305 |
||